DC Comics notable storylines - Statistics

General Stats
  • This quiz has been taken 158 times
  • The average score is 19 of 35
Answer Stats
Storyline Answer % Correct
The Long Halloween Batman
97%
Red Son Superman
94%
Brainiac Superman
82%
Hush Batman
81%
The Killing Joke Batman
77%
A Death in the Family Batman
76%
Death of _____ Superman
76%
Knightfall Batman
75%
Emerald Twilight Green Lantern
74%
Blackest Night Green Lantern
72%
Darkseid War Justice League
66%
A knight in Bludhaven Nightwing
66%
All Star _____ Superman
66%
Quiver Green Arrow
65%
The Judas Contract Teen Titans
65%
The Longbow Hunters Green Arrow
61%
Tower of Babel Justice League
61%
What's so funny about truth, justice and the American way Superman
60%
The Hiketeia Wonder Woman
50%
Terminal Velocity The Flash
48%
Rebirth (2009) The Flash
45%
Rogue War The Flash
43%
Gods and Mortals Wonder Woman
40%
Rebirth (2005) Green Lantern
37%
The Nail Justice League
34%
Rock of ages Justice League
33%
Sub-Diego Aquaman
32%
Death of a Prince Aquaman
31%
The Golden Age Justice Society
29%
The Circle Wonder Woman
29%
Blitz The Flash
26%
The Widening Gyre Batman
25%
The Monster Society of Evil Shazam
20%
A League of Their Own Young Justice
19%
On the Lam Plastic Man
7%
No matching quizzes found
Score Distribution
Percent of People with Each Score
Percentile by Number Answered
Your Score History
You have not taken this quiz